Quizzes
Events
Quiz Creation
Community
Videos
Private Events
Remove Ads
Sign In
Join for FREE
Feedback
Dark Mode
Quiz Categories
Sports
Geography
Music
Movies
Television
Just For Fun
Miscellaneous
History
Literature
Language
Science
Gaming
Entertainment
Religion
Holiday
For Kids
Quiz Lab
Recent
Popular Today
Quiz Kudos Today
Editor Picks
Curator Picks
Quizzes by...
Day
Popularity
Type
Ratings
Length
Year
Community
Subscriptions
Recent Discussions
Orange Saloon
Badges
Playlists
Quests
Create
Leaderboards
Showdown
Live 5
Trivia Bingo
Activity
Puzzle Library
Sporcle Events
Private Events
Virtual Trivia
Globe League
Become a Host
Pub Owners
SporcleCon
Opinionation
Our Games
Videos
Blog
Mobile Apps
Partnerships
Remove Ads and Go Orange
Feedback
Religion
Mythology
Religious Music
World Religions
Bible
Christianity
Catholicism
Judaism
Church
Scripture
Islam
Verse
Religion
Mythology
Religious Music
World Religions
Bible
Christianity
Catholicism
Judaism
Church
Scripture
Islam
Verse
Random Quiz
Search Sporcle
×
Quiz Lab
Quiz Lab
Religion
god
Type in answers that appear in a list
Type in answers that appear in a list
Classic
Best Score? Go Orange.
Promises of God from Deuteronomy (NIV) Stats
Can you name the Promises of God from Deuteronomy (NIV)?
By
Taxmanjs
7m
209 Questions
5 Plays
5 Plays
5 Plays
Comments
Comments
Give Quiz Kudos
Give Quiz Kudos
-
- Ratings
hide this ad
Replay
Link that replays current quiz
Next Quiz
Link to next quiz in quiz playlist
You Got
0%
They Got
Avg Score
40%
Avg Friend Score
Upgrade to see
Score Distribution
Jump to the score distribution portion of the page
Score
0/209
Timer
07:00
0
Plays Today
Hint
Answer
% Correct
and
100%
the
100%
Deuteronomy 7:15 -
free from disease
The
100%
the
100%
and
100%
and
100%
and
100%
the
100%
the
100%
and
100%
the
100%
the
100%
the
100%
the
100%
the
100%
the
100%
the
100%
and
100%
on
80%
in
80%
on
80%
I
80%
in
80%
in
80%
in
80%
on
80%
on
80%
you
60%
to
60%
to
60%
Lord
60%
your
60%
God
60%
of
60%
with
60%
you
60%
he
60%
to
60%
your
60%
Deuteronomy 7:14 -
you will not be childless
You
60%
of
60%
your
60%
of
60%
your
60%
Lord
60%
you
60%
He
60%
you
60%
you
60%
he
60%
all
60%
you
60%
am
60%
you
60%
with
60%
you
60%
your
60%
you
60%
you
60%
Lord
60%
your
60%
God
60%
you
60%
for
60%
all
60%
your
60%
of
60%
your
60%
Lord
60%
to
60%
Hint
Answer
% Correct
your
60%
of
60%
your
60%
Lord
60%
he
60%
you
60%
you
60%
your
60%
he
60%
to
60%
your
60%
them
40%
then
40%
will
40%
his
40%
as
40%
will
40%
be
40%
than
40%
any
40%
or
40%
will
40%
be
40%
any
40%
will
40%
free
40%
from
40%
every
40%
disease
40%
will
40%
not
40%
but
40%
will
40%
them
40%
his
40%
so
40%
go
40%
children
40%
live
40%
long
40%
time
40%
Deuteronomy 11:21 -
many days
so
40%
days
40%
days
40%
children
40%
be
40%
many
40%
give
40%
as
40%
many
40%
as
40%
days
40%
earth
40%
be
40%
so
40%
will
40%
from
40%
his
40%
will
40%
mercy
40%
have
40%
compassion
40%
numbers
40%
as
40%
Deuteronomy 7:12
If
20%
these
20%
are
20%
more
20%
people
20%
men
20%
Hint
Answer
% Correct
women
20%
childless
20%
nor
20%
without
20%
who
20%
which
20%
giving
20%
that
20%
it
20%
that
20%
land
20%
gives
20%
that
20%
land
20%
that
20%
that
20%
are
20%
those
20%
shall
20%
that
20%
promised
20%
pay
0%
attention
0%
laws
0%
careful
0%
follow
0%
keep
0%
covenant
0%
love
0%
swore
0%
forefathers
0%
blessed
0%
other
0%
none
0%
livestock
0%
young
0%
keep
0%
inflict
0%
horrible
0%
diseases
0%
knew
0%
Egypt
0%
inflict
0%
hate
0%
Deuteronomy 4:40 -
longevity
Keep
0%
decrees
0%
commands
0%
today
0%
may
0%
well
0%
after
0%
may
0%
may
0%
swore
0%
forefathers
0%
heavens
0%
above
0%
Deuteronomy 13:17 -
mercy, compassion, numbers
None
0%
condemned
0%
things
0%
found
0%
hands
0%
turn
0%
fierce
0%
anger
0%
show
0%
increase
0%
oath
0%
forefathers
0%
Quiz Playlist
Details
Report
Send in Message
Add To Playlist
Classic:
Type in answers that appear in a list
Last Updated: Mar 11, 2017
Quiz Scoreboard
CHALLENGE
Sign Up to Join the Scoreboard
Show All
Scores
Hide
Comments
May contain spoilers
Recently Published
Movies - When Are They Set?
by FPL_Elf
Movies
5m
Popular People in 1961
by mucciniale
History
6m
1-10 Letter E Words III
by El_Dandy
Language
2m
More to Explore
Quiz From the Vault
Featured Blog Post
Where Did the Easter Bunny Come From?
hide this ad
You Might Also Like...
Tags
god
NIV
Today's Top Quizzes in Religion
Browse Religion
hide this ad
Today's Top Quizzes in god
Browse god
Top Contributed Quizzes in Religion
1
10 to 1: Islam
2
5-to-1: Children of Gods
3
Religion Who Wants To Be A Millionaire
4
5-to-1: European Churches
5
10 to 1: Protestantism
6
Order Up: Seven Last Words of Christ
7
10 to 1: Norse Religion
8
One Thing in Common: Mythology
9
Prime Time: Religion
10
10 to 1: Judaism
Explore More
Trending Topics
Anime
NBA
Marvel
Disney
Harry Potter
Kpop
Crossword
Pokémon
The Office
WWE
Puzzle
Song
Soccer
Country
NFL
hide this ad
More By:
Taxmanjs
Quiz
Plays
Rating
Category
Featured
Created
Multiple US Open (Golf) Winners
25,607
4.36
Sports
Apr 2, 2015
Championship MVPs During the 1980s
12,121
4.43
Sports
Jul 25, 2021
Rock Musicians names Bob, Robbie or Robert
1,944
3.63
Music
Mar 26, 2020
Renamed in the Bible
1,305
4.71
Religion
Dec 16, 2019
Active home run & hits leaders going into 2018
1,133
2.75
Sports
Feb 23, 2018
Go to Creator's Profile
Score Distribution
Quiz Creator Spotlight
Taxmanjs
Follow
Send a Message
Quizzes Created
-
Created Quiz Play Count
-
More By This Creator
Popular Quizzes Today
1
Find the Countries of Europe - No Outlines Minefield
2
Find the US States - No Outlines Minefield
3
The Countries of the World
4
Popular People in 1961
5
US States
6
1-10 Letter E Words III
7
Find the US States
8
One Thing in Common: World Cities II
More Religion Quizzes
Birth of Jesus
Curator's Pick
Trending Quizzes
Risky Map Clicking: Least Populous States A-Z
1-10 Letter F Words
1-10 Letter G Words
One Thing in Common: United Kingdom
Risky Map Clicking: Next State Alphabetically
Recently Updated
Leaping Animals
pecheneg
Reality TV Shows (A-Z)
bhenderson79
Rickey Henderson's Hall of Fame Teammates
pecheneg
Champions League XIs: Arsenal
pecheneg
Quick Pick: Celebrities in WWE's Hall of Fame
aduchscher
A-Z Keypad Blitz II
pecheneg
Multiple Oscar Actors
pecheneg
Mystery Phrase Blitz: Oscar 'Best Actors'
pecheneg
F. Scott Fitzgerald Novels
LTH
Pick 3 Villains
ddd62291
Trending Topics
Crossword
Harry Potter
Marvel
Disney
NBA
Kpop
Anime
Pokémon
Country
NFL
Puzzle
WWE
The Office
Song
Soccer
Your Account Isn't Verified!
In order to create a playlist on Sporcle, you need to verify the email address you used during registration. Go to your
Sporcle Settings
to finish the process.
Report this User
Report this user for behavior that violates our
Community Guidelines
.
Details:
Send Report
Go to the Sporcle.com Mobile Site →
Comments